000 00658pam a2200229 a 4500
001 565689
005 20180827033707.0
008 890808s1990 nyua b 001 0 eng
010 _a 89039148
020 _a0060468696
040 _aDLC
_cDLC
_dDLC
041 _aeng
080 _a150
082 0 0 _a150
_220
100 1 _a48
101 _apsi
245 1 0 _aPsychology /
_cCarole Wade, Carol Tavris.
504 _aIncludes bibliographical references.
906 _a7
_bcbc
_corignew
_d1
_eocip
_f19
_gy-gencatlg
942 _2ddc
_cBK
999 _c47324
_d47324